| 000 | 00444nam a2200133Ia 4500 | ||
|---|---|---|---|
| 008 | 240703s9999 xx 000 0 und d | ||
| 041 | _aeng | ||
| 100 | _aAkkaya Bulent | ||
| 245 | _aAgile Management And Vuca-Rr: Opportunites & Threats In Industry 4.0 Towards Society 5.0 Opportunites & Threats In Industry 4.0 Towards Society 5.0 | ||
| 260 |
_bEmerald Publishing _c2022 |
||
| 365 |
_c _b 8,153.70 |
||
| 906 | _b33 | ||
| 999 |
_c40945 _d40945 |
||